| 000 | 01191nam a22002417a 4500 | ||
|---|---|---|---|
| 005 | 20240530110900.0 | ||
| 008 | 180924s2016 ua hk f b 000 0 ara d | ||
| 017 |
_a9563/2015 _bمصر. دار الكتب |
||
| 020 | _a9789774523227 | ||
| 040 |
_aEG-CaGPL _cEG-CaGPL |
||
| 082 | 0 | 4 |
_221 _a725.1709621 _bق/ع ت |
| 100 | 0 | _aعلى رافت | |
| 245 | 1 | 0 |
_aتطوير وترميم قصر المجوهرات الملكية بالاسكندرية : _bقصر النبيلة فاطمة الزهراء حيدر : دراسة تاريخية تحليلية ومعمارية / _cعلى رافت ؛ تصدير اسماعيل سراج الدين |
| 260 |
_aالاسكندرية : _bمكتبة الاسكندرية، _c2015 |
||
| 300 |
_a177 ص. : _bايض ؛ _c32 سم. |
||
| 504 | _aيشتمل على ارجاعات ببليوجرافية | ||
| 650 | 0 | 7 |
_2qrmak _aمتحف المجوهرات الملكية _xتاريخ _zمصر _zالاسكندرية |
| 650 | 0 | 7 |
_2qrmak _aالقصور _xعمارة _zمصر |
| 651 | 0 | 7 |
_2qrmak _aالاسكندرية ( مصر ) _xمبانى |
| 700 | 0 |
_aاسماعيل سراج الدين _eمصدر |
|
| 942 |
_2ddc _cBK |
||
| 999 |
_c66123 _d66123 |
||